Loading...
| History - Other | 0 | 4 | 0 | 0 | 40 | 77 | 100.25 | 0 | 0 | 0.00 | 0.00 |
| Mythology | 0 | 3 | 0 | 2 | 30 | 60 | 94.67 | 0 | 0 | 0.00 | 0.00 |
| Literature - World | 0 | 3 | 0 | 2 | 30 | 89 | 105.67 | 0 | 0 | 0.00 | 0.00 |
| History - American | 0 | 3 | 0 | 2 | 30 | 87 | 98.67 | 0 | 0 | 0.00 | 0.00 |
| Fine Arts - Other | 0 | 2 | 0 | 1 | 20 | 55 | 77.00 | 1 | 1 | 0.00 | 0.00 |
| Fine Arts - Classical Music | 0 | 1 | 0 | 0 | 10 | 101 | 101.00 | 0 | 1 | 0.00 | 0.00 |
| Fine Arts - Painting and Sculpture | 0 | 1 | 0 | 1 | 10 | 98 | 98.00 | 0 | 0 | 0.00 | 0.00 |
| Popular Culture | 0 | 1 | 0 | 0 | 10 | 87 | 87.00 | 0 | 0 | 0.00 | 0.00 |
| Religion | 0 | 1 | 0 | 0 | 10 | 73 | 73.00 | 0 | 0 | 0.00 | 0.00 |
| Social Science | 0 | 1 | 0 | 0 | 10 | 104 | 104.00 | 0 | 0 | 0.00 | 0.00 |
| Literature - European | 0 | 1 | 1 | 0 | 5 | 65 | 65.00 | 1 | 1 | 0.00 | 0.00 |
| Literature - American | 0 | 1 | 1 | 0 | 5 | 39 | 39.00 | 1 | 1 | 0.00 | 0.00 |
| History - World | 0 | 1 | 1 | 0 | 5 | 94 | 94.00 | 0 | 0 | 0.00 | 0.00 |